000
00365nam a2200133Ia 4500
008
100328s9999 xx 000 0 und d
082
_b
64240
100
_a
अत्रे प्र.के.
245
_a
घराबाहेर.
260
_b
परचुरे.
630
_a
घराबाहेर.
730
_a
घराबाहेर.
942
_c
BOOK
999
_c
550043
_d
550040